00285pab a2200109 454500008003600000100001600036245003300052650001700085650001300102650004000115773002000155180718b xxu||||| |||| 00| 0 eng d aAmrik Singh aThe rationale of higher fees a Tution Fees a Finance aColleges and Universities - Finance aUniversity News